LEADER 00894nam a2200229 i 4500 001 991002511079707536 005 20020503170153.0 008 950609s1987 it ||| | ita 035 $ab1037503x-39ule_inst 035 $aEXGIL105076$9ExL 040 $aBiblioteca Interfacoltà$bita 082 04$a803.51 245 10$aDizionario Bompiani degli autori di tutti i tempi e di tutte le letterature. 260 $aMilano :$bBompiani,$c1987 650 4$aLetteratura$xEnciclopedie e dizionari 907 $a.b1037503x$b02-04-14$c27-06-02 912 $a991002511079707536 945 $aLE002 SB 803 DIZ.B 945 $aLE002 Enc. Biogr. 4/001-$g1$i2002000433626$lle002$o-$pE0.00$q-$rn$so $t0$u0$v0$w0$x0$y.i10438804$z27-06-02 996 $aDizionario Bompiani degli autori di tutti i tempi e di tutte le letterature$9148938 997 $aUNISALENTO 998 $ale002$b01-01-95$cm$da $e-$fita$git $h0$i1 LEADER 00964nam0-2200301 --450 001 9910875201003321 005 20240801115432.0 010 $a9791256021376 100 $a20240801d2024----kmuy0itay5050 ba 101 0 $aita 102 $aIT 105 $a 001yy 200 1 $aConcorsi per bibliotecari$efunzionari, istruttori e collaboratori$emanuale e quesiti per le prove di selezione$fA. Di Monte ... [et al.] 210 $a[Napoli]$cEdiSES$d2024 215 $aXXVI, 588 p.$cill.$d24 cm 225 1 $aProfessioni & concorsi$v56.1 300 $aIn omaggio estensioni online 610 0 $aBiblioteconomia$aManuali per concorsi 676 $a020.76$v22 702 1$aDi Monte,$bAlberto$f<1985- > 801 0$aIT$bUNINA$gREICAT$2UNIMARC 901 $aBK 912 $a9910875201003321 952 $a90 X 3a 79$b238/2024$fFMEBC 952 $a90 X 3a 80$b239/2024$fFMEBC 959 $aFMEBC 996 $aConcorsi per bibliotecari$91722967 997 $aUNINA